|
|
|
|
| LEADER |
00946aam a22002898a 4500 |
| 001 |
00035662 |
| 005 |
20171026081025.0 |
| 008 |
161216s2016 ||||||Viesd |
| 020 |
# |
# |
|c 89000
|a 978 604 919 641 6
|
| 041 |
0 |
# |
|a Vie
|
| 082 |
1 |
4 |
|a 333.91
|b Đ124NG
|
| 100 |
1 |
# |
|a Trương, Thị Nga
|e Chủ biên
|
| 245 |
1 |
0 |
|a Đất ngập nước đồng bằng sông cửu long những vấn đề cơ sở và ứng dụng
|c Trương Thị Nga
|
| 260 |
# |
# |
|a Cần Thơ
|b Đại Học Cần Thơ
|c 2016
|
| 300 |
# |
# |
|a 388tr.
|c 24 cm.
|b Minh họa
|
| 653 |
# |
# |
|a Bảo vệ môi trường
|
| 653 |
# |
# |
|a Huydromorphic soils
|
| 653 |
# |
# |
|a Đất ngập nước
|
| 852 |
# |
# |
|b Kho đọc
|j KD.0019213
|
| 852 |
# |
# |
|j KD.0019213
|
| 910 |
|
|
|d 16/12/2016
|
| 980 |
# |
# |
|a Trung tâm Học liệu Lê Vũ Hùng, Trường Đại học Đồng Tháp
|